000 00879nam a22002057a 4500
005 20240530110557.0
008 160315s2013 ua g 000 0 ara d
017 _a98/2336
_bمصر . دار الكتب المصرية
020 _a9770515965
040 _aEG-CaGPL
082 0 4 _221
_a 323.352\
_bهـ ح
100 0 _aهدى محمد قناوى
245 1 0 _aحقوق الطفل بين المنظور الاسلامى و المواثيق الدولية \
_cتاليف هدى محمد قناوى ، محمد محمد على قريش
_nالجزء الاول
260 _aالقاهرة :
_bمكتبة الانجلو المصرية ،
_c2013 .
300 _a126 ص ؛
_c24 سم .
650 0 4 _aالاسلام و حقوق الطفل
700 0 _aمحمد محمد على قريش
_eمؤلف مشارك
942 _2ddc
_cBK
999 _c62582
_d62582